[Event "RUS-ch m1-2"]
[Site "Elista"]
[Date "1997.05.19"]
[Round "1.1"]
[White "Malakhov, Vladimir"]
[Black "Landa, Konstantin"]
[Result "1-0"]
[WhiteElo "2540"]
[BlackElo "2570"]
[Annotator "Ribli,Z"]
[PlyCount "87"]
[EventDate "1997.05.19"]
[EventType "k.o."]
[EventRounds "6"]
[EventCountry "RUS"]
[SourceTitle "CBM 059"]
[Source "ChessBase"]
[SourceDate "1997.08.01"]
[SourceVersion "1"]
[SourceVersionDate "1997.08.01"]
[SourceQuality "1"]

1. e4 c5 2. Nf3 e6 3. d4 cxd4 4. Nxd4 a6 5. Bd3 g6 {Vor 80 Jahren stellte der
ungarische GM Maroczy die These auf, daß e6 und g6 zusammen in der Eröffnung
nicht spielbar seien. Natürlich ist das Schachspiel inzwischen komplexer
geworden, aber ich kann diesen Zug nicht gutheißen.Ribli.} 6. O-O Bg7 7. Be3
Nc6 8. Nxc6 (8. c3 Nge7 9. Nd2 O-O (9... d5 10. exd5 Nxd5 11. Nxc6 Nxe3 12.
Nxd8 Nxd1 13. Nxe6 Bxe6 14. Rfxd1 O-O-O 15. Bc4 {1-0 McShane,L-Mastrovasilis,D/
EU-chJM U12 Verdun 1995 (52)}) 10. Nxc6 Nxc6 11. Nc4 d5 12. exd5 exd5 13. Nd2
d4 14. cxd4 Nxd4 {0-1 Pedzich,D-Bologan,V/WchJ Mamaia 1991 (61)}) 8... bxc6 9.
Nd2 {[%csl Rb6,Rc5,Rd6][%cal Yd2c4,Yc4d6,Yc4b6]} Ne7 (9... d5 10. c3 Ne7 (10...
Nf6 11. Bc5 Nd7 12. Ba3 Bf8 13. Bxf8 Kxf8 14. b4 a5 15. Nb3 axb4 16. cxb4 Kg7 {
1/2-1/2 Liberzon,V-Torre,E/Amsterdam IBM 1977 (21)}) 11. f4 O-O 12. Bc5 Re8 13.
e5 a5 14. Qe2 Bb7 15. g4 Qc8 {1-0 Varitski,I-Svobodova,M/Pardubice Komercni
Banka op 1996 (30)}) (9... Bxb2 10. Rb1 $44 {[%csl Rb6][%cal Yb1b8]} (10. Nc4
Bxa1 11. Qxa1 f6 (11... Nf6 $4 12. Bg5 $18) (11... Qf6 12. Bd4 $18) 12. Nd6+ (
12. Bb6 Qe7) (12. Bc5 Kf7 13. Nd6+ Kg7) 12... Kf8 13. Bc5 Kg7 $17 {Und Weiß
hat auf den ersten Blick eine schöne Angriffsstellung, aber ich glaube, die
schwache schwarze Königsstellung kompensiert seinen materiellen Nachteil nicht
vollständig.Ribli.})) 10. c3 {Weiß tut gut daran, das Wirkungsfeld des Bg7
einzuschränken.Ribli.} O-O (10... Rb8 $5 11. Qc2 (11. f4 d6 12. Qc2 O-O 13.
Rae1 Qc7 14. Nf3 c5 15. Qf2 {Rivera,D-Strikovic,A/Sevilla op 1989/0-1 (72)})
11... O-O 12. Rad1 d6 13. f4 Qc7 14. Kh1 c5 15. Nf3 Bb7 16. b3 d5 {1-0
Malakhov,V-Landa,K/RUS-ch m5-8 1997 (33)}) (10... d5 {Meiner Meinung nach ist
es besser, diesen Zug vor der Rochade auszuführen, weil er 11.Nc4 unterbindet .
Ribli.}) 11. Nc4 d5 (11... Rb8 $2 12. e5 $16 {[%csl Rd6]}) 12. Nb6 Rb8 13. Nxc8
Nxc8 {Unter strategischem Gesichtspunkt kann Schwarz zufrieden sein, da er
seinen traditionell schlechten weissfeldrigen Läufer losgeworden ist. Die
aktive weiße Dame und das Läuferpaar sprechen jedoch für den Anziehenden.Ribli.
} (13... Qxc8 14. Qa4 $1 Rxb2 15. Qa3 {[%cal Ra3e7,Ra3b2]} Qb7 (15... Rb7 16.
Bxa6 Qa8 17. Bc5) 16. Bxa6 $16) 14. Bc5 Re8 (14... Nd6 15. Qa4 $1 Rxb2 16. Qa3
Rd2 17. Rad1) 15. Qa4 $14 Qc7 16. exd5 exd5 17. Rae1 $1 $16 {[%csl Rc8] Weiß
hat nicht nur die viel bessere Bauernstruktur und Druck am Damenflügel,
sondern auch potentiell Initiative am Königsflügel.Ribli.} Rd8 (17... Rxe1 18.
Rxe1 Nd6 19. Qxa6 Rxb2 20. Qa3 {[%cal Ra3b2,Ra3d6]}) 18. Re2 {[%csl Ra6] Weiß
spielt einfach und gut. Er verteidigt die Schwäche b2 und bereitet die
Turmverdopplung vor.Ribli.} a5 19. Rfe1 Bf8 20. Bd4 {[%csl Gd4][%cal Yd4h8,
Ye1e8] Natürlich tauscht Weiß seinen gefährlichen Läufer nicht.Ribli.} Nd6 (
20... c5 $2 21. Bf6 Rd7 (21... Rd6 22. Be5) 22. Bb5) 21. Be5 Re8 (21... Bg7 22.
Bg3 $5 (22. Bxg7 Kxg7 23. Re7 (23. Qd4+ Kg8 24. Re7 Rd7 {Und Schwarz kann sich
noch verteidigen.Ribli.}) 23... Qb6)) 22. h4 $36 {Weiß befolgt den Rat
Aljechins - er spielt auf dem ganzen Brett. Der Vormarsch des Bauern ist sehr
gefährlich für Schwarz.Ribli.} Re6 (22... Bg7 $4 23. Bxd6) 23. h5 Rbe8 24. hxg6
hxg6 (24... fxg6 $5 {Das sieht auch nicht rosig aus, aber die
Partiefortsetzung ist meines Erachtens noch schlechter.Ribli.} 25. Bxd6 (25.
Qg4 Qf7 26. Bxd6 Rxe2 27. Rxe2 Bxd6 (27... Rxe2 $2 28. Bxe2 Bxd6 29. Qc8+ $16 {
[%csl Rc6]})) 25... Qxd6 26. Rxe6 Rxe6 27. Rxe6 Qxe6 28. Qxa5 Qe1+ 29. Bf1) 25.
Qh4 Bg7 {Jetzt verschafft sich Weiß forciert einen Mehrbauern.} 26. Bxg7 Kxg7
27. Rxe6 Rxe6 28. Rxe6 fxe6 29. Qg3 $1 {[%csl Rg6][%cal Rg3g6,Gg3c7] Diese
Doppeldrohung stellt Schwarz vor große Probleme.Ribli.} Qe7 30. Bxg6 (30. Qxg6+
) 30... Nf7 31. Bh5+ Qg5 $8 32. Qxg5+ Nxg5 33. b4 {Weiß hat nicht nur einen
Bauern mehr, sondern auch einen gefährlichen Freibauern am Damenflügel.Ribli.}
axb4 (33... a4 34. f3 {[%csl Rg5]} a3 (34... Kf8 35. a3 {[%csl Ra4]} Ke7 36.
Bg6 {[%cal Yg6c2,Yc2a4]}) 35. Be8 {[%csl Rc6]}) 34. cxb4 {[%cal Ya2a8]} Kf8 35.
a4 Ke7 36. a5 {Nun hat Weiß gefährliche Freibauern am Damenflügel und am
Königsflügel.} Kd6 37. f4 Ne4 38. Bf7 Nc3 (38... e5 39. fxe5+ Kxe5 40. a6 $18)
(38... c5 39. b5 {[%csl Re6][%cal Ra5a8,Rb5b8]}) 39. Kf2 e5 40. fxe5+ Kxe5 41.
a6 Nb5 42. g4 $18 {Weil der schwarze Springer an den Damenflügel und der
schwarze König an den Königsflügel gebunden ist, gewinnen der weiße König und
Läufer die Partie.Ribli.} Kf4 43. Be6 d4 44. Ke2 {Und Schwarz gab auf.Ribli.} (
44. Ke2 Na7 45. Kd3 Ke5 46. Bf5 Nb5 47. Be4 Na7 48. g5 $18) 1-0

[Event "EU-ch 1st"]
[Site "Saint Vincent"]
[Date "2000.07.06"]
[Round "4"]
[White "David, Alberto"]
[Black "Smirin, Ilia"]
[Result "0-1"]
[WhiteElo "2487"]
[BlackElo "2677"]
[Annotator "Ribli,Z"]
[PlyCount "80"]
[EventDate "2000.07.03"]
[EventType "swiss"]
[EventRounds "11"]
[EventCountry "ITA"]
[SourceTitle "CBM 078"]
[Source "ChessBase"]
[SourceDate "2000.10.18"]
[SourceVersion "1"]
[SourceVersionDate "2000.10.18"]
[SourceQuality "1"]

1. e4 c5 2. Nf3 e6 3. d4 cxd4 4. Nxd4 a6 {Großmeister Smirin spielt gerne die
Paulsen- Variante.} 5. Bd3 Bc5 6. Nb3 Be7 {Dieser Läuferzug ist populär in
letzter Zeit - die traditionelle Fortsetzung wäre 6...Ba7.} 7. Qg4 {Der
Großmeister aus Luxemburg mag Angriffsvarianten, doch in dieser Stellung wäre
eine positionelle Fortsetzung adäquater.} (7. c4 $5 $14 {Weiß kontrolliert das
Zentrum und hat etwas bessere Aussichten.}) (7. Nc3 d6 8. Be3 {[%cal Ga2a4,
Ga4a5]} Nd7 (8... Nf6 9. a4 b6 10. a5 b5 11. Bb6 Qd7 $13) 9. O-O Ngf6 $11) 7...
g6 {Schwarz muss den Königsflügel schwächen.} (7... Nf6 8. Qxg7 Rg8 9. Qh6 Rxg2
10. Nc3 Nc6 11. Bd2 $16 {[%cal Ge1c1]}) 8. Nc3 (8. Qe2 d6 9. O-O Qc7 (9... Nc6
10. a4 Nf6 11. a5 d5 12. Bh6 Bf8 13. Bg5 Be7 14. Bh6 Bf8 15. Bxf8 Kxf8 16. N1d2
Kg7 {1/2-1/2 Palac,M-Sax,G/Pula 1998/EXT 2000 (33)}) 10. Kh1 Nd7 11. a4 b6 12.
Nc3 Bb7 13. Be3 h5 14. f4 Ngf6 15. Rf3 $1 $14 {1-0 Ye Jiangchuan-Smirin,I/
Elista (ol) 73/207 1998/Inf 73/[Ye,Jiangchuan] (42)}) 8... d6 9. a4 {Weiß
verhindert das mögliche b7-b5. Nach meiner persönlichen Einschätzung wäre es
besser, zuerst am Königsflügel zu spielen, denn in einigen Varianten kann Weiß
auf b7-b5 mit a4 antworten.} (9. Qe2 Nd7 10. O-O Qc7 11. Bd2 b6 12. Rae1 Bb7
13. f4 (13. Kh1 $5) 13... Ngf6 14. e5 $13 Nd5 15. Ne4 (15. Nxd5 Bxd5 16. exd6
Bxd6 17. c4 Bb7 18. Bc3 O-O 19. Qg4 Nc5 20. Nxc5 Bxc5+ 21. Kh1 Rad8 {0-1
Torres,J-Smirin,I/NY op 1998 (37)}) 15... O-O $2 16. c4) 9... b6 10. O-O Nd7 {
[%cal Gd7e5,Ge5g4,Ge5d3]} 11. Qe2 Qc7 12. Bd2 (12. Kh1 Bb7 13. Bd2 h5 14. Nd1
Ngf6 15. Bc3 h4 16. f4 h3 17. g3 e5 18. fxe5 dxe5 19. Nf2 Nf8 20. Nd2 Ne6 {
0-1 Linsky,O-Gofshtein,L/Quebec 1997/EXT 98 (43)}) 12... Bb7 {Schwarz baut
eine Igelstellung auf. Seine Stellung erscheint etwas passiv, ist aber solide.
Ein großer Vorteil des Igelaufbaus ist, dass die Partie kompliziert wird, denn
es gibt viele Figuren auf dem Brett - und das ist gewöhnlich von Vorteil für
den stärkeren Spieler.} 13. Rae1 Ne5 $5 {[%mdl 4] Schwarz provoziert den Zug
14.f4. Er muss diesen Springerzug sofort ausführen, denn sonst kommt ihm Weiß
mit f4 zuvor.} (13... h5 14. f4 Ngf6 15. Nd4 Qc5 16. Be3 Ng4 17. Nf5 Nxe3 18.
Nxe3 Nf6 19. Kh1 h4 20. f5 {1-0 Zhao Zong Yuan-Caoili,A/Surfers Paradise AUS
2000/The Week in Chess 293 (32)}) (13... Ngf6 14. f4 $14) 14. Kh1 (14. f4 Nxd3
15. cxd3 Nf6 16. Rc1 Qd8 $11) 14... Nf6 15. Bh6 {Weiß verhindert die kurze
Rochade.} (15. f4 Nxd3 16. cxd3 O-O $11) 15... Neg4 16. Bd2 Ne5 17. Bh6 {
Angeioschts einer Elo-Differenz von 190 Punkten wäre Weiß mit einem Remis
zufrieden.} Nfg4 18. Bg7 (18. Bd2 h5 $5 $13 (18... d5 $2 {[%cal Gc7h2] Die
schwarze Drohung ist 19...Nxd3.} 19. Bf4 Bd6 20. Bxe5 Nxe5 21. exd5 $16)) 18...
Rg8 19. Bxe5 Nxe5 $11 {Schwarz hat eine bequeme Stellung erreicht - er hat das
Läuferpaar und keine Schwächen. Seine einzige Sorge ist, dass sich sein König
nocht nicht ganz in Sicherheit befindet.} 20. f4 Nd7 (20... Nxd3 21. cxd3 $11 {
[%cal Ge1c1,Gc1c8]}) 21. Qg4 $6 (21. Qf2 $11) (21. f5 $2 {Das wäre ein
typischer Zug für solche Stellungen, aber hier wäre er schlecht.} gxf5 $17 {
[%cal Gb7g2,Gg8g2]} (21... Ne5)) 21... h5 22. Qe2 h4 $36 {[%csl Gh4] Schwarz
hat die Initiative am Königsflügel. Der h-Bauer eröffnet Schwarz gute
taktische Chancen.} 23. Qg4 Nf6 (23... Bf6 $15) 24. Qh3 (24. Qxh4 $2 Nxe4 $17)
24... Nd7 25. Qg4 {Weiß hofft - auch in diesem Fall - auf Remis durch
Zugwiederholung.} Rh8 {[%cal Gh4h3] Der Turm steht aktiv auf der h-Linie, es
droht eventuell h4-h3.} 26. Qh3 Nf6 {[%cal Gf6h5,Gh5g3]} 27. a5 b5 {Natürlich
muss Schwarz so spielen. Er hat eine gesunde Bauernstruktur am Damenflügel.} (
27... bxa5 28. Ra1 $132) 28. e5 $132 Nh5 (28... dxe5 $2 {Das wäre ein
strategische Fehler - Schwarz würde damit die f-Linie für Weiß öffnen.} 29.
fxe5 Nd7 30. Nd4 Nxe5 31. Ncxb5 axb5 32. Bxb5+ Nd7 33. Rxf7 $40) 29. Be4 $2 {
[%mdl 16384] Weiß möchte den starken Bb7 abtauschen, doch er verliert dabei zu
viel Zeit. Das Opfer auf g6 wäre interessant und böte Weiß die besten
praktischen Chancen.} (29. Ne4) (29. Bxg6 $5 fxg6 30. Qxe6 h3 (30... Kf8 $2 31.
f5 $40) 31. Qxh3 (31. Qxg6+ Kd8 32. Ne4 Qxc2 $19) 31... dxe5 32. Rxe5 b4 33.
Qg4 $13) 29... d5 30. Bd3 O-O-O $17 {[%csl Rh1] Es droht 31...Ng3+ mit
Materialgewinn. Der weiße König steht schlecht auf h1.} 31. Kg1 (31. Rd1 $2
Ng3+ $19) 31... Bc5+ 32. Nxc5 (32. Kh1 Ng3+ $19) 32... Qxc5+ 33. Re3 (33. Rf2
Nxf4 34. Qg4 g5 $17) (33. Qe3 $2 Qxe3+ (33... d4 $2 $132 34. Ne4) 34. Rxe3 d4
$19 {[%cal Rd4c3,Rd4e3]}) {[#]} 33... Ng3 {Dieser Zug ist schön und effektiv -
Schwarz gewinnt Material.} 34. Rfe1 d4 35. Ne4 Nxe4 (35... Bxe4 36. Rxe4 Nxe4
37. Rxe4 Qb4 $17) 36. Rxe4 Bxe4 37. Rxe4 Qb4 $19 {Schwarz hat eine Qualität
mehr, und jetzt hängen die Bauern auf a5 und b2. Weiß ist verloren.} 38. b3
Qxa5 39. Qf3 h3 40. Re2 {[%cal Gf3a8]} (40. g3 Kb8 $19) 40... Rd5 0-1

[Event "RUS-ch"]
[Site "Elista"]
[Date "1996.??.??"]
[Round "5"]
[White "Yemelin, Vasily"]
[Black "Landa, Konstantin"]
[Result "1-0"]
[WhiteElo "2460"]
[BlackElo "2570"]
[Annotator "Ribli,Z"]
[PlyCount "121"]
[EventDate "1996.10.15"]
[EventType "swiss"]
[EventRounds "11"]
[EventCountry "RUS"]
[SourceTitle "CBM 056"]
[Source "ChessBase"]
[SourceDate "1997.02.01"]
[SourceVersion "1"]
[SourceVersionDate "1997.02.01"]
[SourceQuality "1"]

1. e4 c5 2. Nf3 e6 3. d4 cxd4 4. Nxd4 a6 5. Bd3 g6 6. O-O Bg7 7. Nf3 Nc6 8. Nc3
$5 {Dieser selten gespielte Zug sieht besser aus als 8.c4.} d5 $6 {Dieser Zug
gefällt mir nicht. Ich denke, zuerst 8...Ne7 ist präziser, und danach d6 oder
möglicherweise d5.Ribli.} (8... Nge7 $5) 9. exd5 exd5 10. Bg5 Nge7 11. Qd2 O-O
12. Rfe1 (12. Bh6 $5 Bg4 13. Bxg7 Kxg7 14. Qf4 Bxf3 15. Qxf3) 12... Re8 (12...
Bg4 13. Qf4) 13. h3 Be6 14. Ne2 {Weiß hat nicht nur besseres Figurenspiel,
Schwarz hat auch Probleme mit seinem d-Bauern, ein ewiger Schwachpunkt in
seiner Stellung.Ribli.} d4 (14... Bxb2 15. Rab1) 15. Nf4 Bd5 16. Nxd5 Qxd5 17.
Be4 Qc5 18. Re2 $14 {Der schwarze Bg7 spielt nicht mit, er hat nur die Aufgabe,
den d-Bauern zu decken.Ribli.} Nf5 19. Rae1 Nd6 20. Bxc6 $1 {Weiß gibt das
Läuferpaar auf. Das ist ein guter positioneller Zug. Weiß erreicht ein
Endspiel Q+N gegen Q+B, in dem der gegnirische Läufer nur beschränkte
Aktivität hat.Ribli.} Rxe2 (20... bxc6 21. Be7 Qd5 22. Bxd6 Rxe2 23. Rxe2 Qxd6
{Führt zur Partie. Ribli.}) 21. Rxe2 bxc6 22. Be7 Qd5 23. Bxd6 Qxd6 24. Qd3 Rb8
25. b3 Qa3 26. Qc4 Rf8 (26... Qxa2 27. Re7 Rf8 28. Rxf7 Rxf7 29. Ng5 $18) 27.
g3 Qxa2 28. Re7 Qa5 29. Qxc6 Qa3 30. Rd7 a5 31. Kg2 $5 {Weiß hat keine Eile.
Sein Positionsvorteil muß gewinnen, weil Schwarz Gegenspiel fehlt.Ribli.} a4 $6
{Schwarz gibt einen Bauern, bekommt aber keine ausreichende Kompensation.Ribli.
} (31... Qb4 $5) 32. bxa4 Qc3 33. Rc7 Qa5 34. Qc4 h6 35. h4 Qa8 36. Qc6 Qa5 37.
Rc8 $1 g5 38. hxg5 hxg5 39. Rxf8+ Kxf8 40. Qc4 Qa8 41. g4 $18 Bf6 42. Qb5 Qc8 (
42... Qe4 43. Qf5) 43. Qf5 Qc6 44. Kg1 Ke8 45. a5 Kd8 46. Nxg5 Bxg5 47. Qxg5+
f6 48. Qf4 {Weiß steht jetzt glatt auf Gewinn, die restlichen Züge sind nicht
interessant.Ribli.} Ke7 49. Qxd4 Qxc2 50. a6 Qc1+ 51. Kh2 Qc7+ 52. Kg2 Qc1 53.
Kh2 Qc7+ 54. Kh3 Qc6 55. a7 Kf7 (55... Qh1+ 56. Kg3 Qg1+ 57. Kf3 Qh1+ 58. Ke2
$18) 56. Kg3 Qc7+ 57. Kg2 Qc6+ 58. f3 Qc2+ 59. Kh3 Qa2 60. Qd7+ Kg6 61. Qe8+ {
Ribli} 1-0

[Event "Villa Martelli"]
[Site "Villa Martelli"]
[Date "1997.06.01"]
[Round "1"]
[White "Milos, Gilberto"]
[Black "Ehlvest, Jaan"]
[Result "0-1"]
[WhiteElo "2605"]
[BlackElo "2635"]
[Annotator "Ribli,Z"]
[PlyCount "68"]
[EventDate "1997.06.01"]
[EventType "tourn"]
[EventRounds "11"]
[EventCountry "ARG"]
[EventCategory "13"]
[SourceTitle "CBM 060"]
[Source "ChessBase"]
[SourceDate "1997.09.29"]
[SourceVersion "1"]
[SourceVersionDate "1997.09.29"]
[SourceQuality "1"]

1. e4 {Meulders} c5 2. Nf3 e6 3. d4 cxd4 4. Nxd4 a6 5. Bd3 Bc5 6. Nb3 Ba7 7.
Nc3 Nc6 8. O-O (8. Qe2 d6 9. Bd2 (9. Bf4 Nge7 10. O-O O-O 11. Kh1 b5 12. a3 Bb7
13. Rfd1 e5 14. Be3 Nd4 15. Qd2 {Korneev,O-Jaracz,P/Polanica Zdroj op 1993/1/
2-1/2 (47)}) 9... Nf6 10. O-O-O b5 11. f4 Nd7 12. Qg4 g6 13. Kb1 Bb7 14. Rhe1
b4 15. Na4 a5 16. Qh3 O-O {Leko,P-Horvath,C/HUN-ch 1992/1/2-1/2 (62)}) (8. Qg4
Nf6 9. Qg3 d6 10. h4 b5 11. h5 Bb7 {1/2-1/2 Damaso,R-Cramling,P/Benasque op
1993 (27)}) (8. f4 d6 9. Qe2 Nf6 10. Bd2 b5 11. g4 Bb7 12. h4 h5 13. g5 Ng4 14.
Nd1 Qb6 15. Rh3 a5 16. a4 bxa4 17. Rxa4 Nb4 18. Rxa5 Nxd3+ 19. Rxd3 Ba6 {
0-1 Weteschnik,M-Horvath,C/Paks GM 1996 (26)}) 8... Nf6 (8... d6 9. Re1 (9. Qg4
Nf6 10. Qxg7 Rg8 11. Qh6 Ne5 12. Bg5 Rg6 13. Qh4 Nf3+ 14. gxf3 h6 15. f4 hxg5
16. fxg5 Nh5 {0-1 Aronin,L-Kotkov,Y/USSR 1971 (26)}) 9... Nf6 10. Bg5 Ne5 11.
Qd2 h6 12. Be3 Bxe3 13. Rxe3 O-O 14. Rg3 Ng6 15. Rd1 b5 {0-1 Ziatdinov,R-Nemet,
I/Zuerich op 1992 (33)}) 9. Kh1 d6 10. Qe2 (10. f4 h5 11. Qe2 Ng4 12. Qe1 b5
13. a4 b4 14. Nd1 a5 15. Be3 Qc7 16. Bxa7 Qxa7 17. h3 Bd7 18. Qh4 Rh6 {0-1
Renner,C-Boehlig,H/BL2-O 1992 (37)}) (10. Bg5 h6 11. Bxf6 Qxf6 12. f4 Qe7 13.
Qh5 g6 14. Qh3 Bd7 15. Rae1 O-O-O 16. Qf3 Rdf8 {0-1 Ziatdinov,R-Spangenberg,H/
Groningen op 1994 (25)} (16... Rdf8 {Meulders} 17. e5 d5 18. Ne2 f6 19. c4 dxc4
20. Bxc4 fxe5 $19 {0-1 Ziatdinov,R-Spangenberg,H/Groningen op 1994/EXP 45 (25)}
)) (10. a4 $5 e5 {Meulders} 11. Nd5 Be6 12. Bg5 Nb8 13. Nxf6+ gxf6 14. Bh4 Nd7
15. c3 Qc7 16. f4 O-O-O 17. f5 Bc4 18. Bxc4 Qxc4 19. Nd2 Qc6 20. b4 Kb8 $13 {
Panelo,M-Spangenberg,H/Clarin GP1 Boca Juniors 1997/EXP 58/0-1 (57)}) 10... b5
11. Bg5 $6 {Nach meiner Meinung es waere logischer 11.Be3 zu spielen,und der
gefaehrliche schwarze Laeufer zu tauschen.Ribli.} (11. f4 Qc7 12. Bd2 O-O 13.
Rae1 Bb7 14. Rf3 {1-0 Polgar,J-Ivanchuk,V/Moscow PCA-GP 1996 (43)} (14. Rf3 {
Meulders} Nd4 15. Nxd4 Bxd4 16. Rg3 Nd7 17. Bxb5 Nc5 18. Bd3 Rfe8 19. Nd1 f5
20. Bc3 Bxc3 21. Nxc3 fxe4 22. Nxe4 Bxe4 23. Bxe4 Rab8 24. b3 d5 25. Bd3 Qxf4
26. Rf1 $16 {1-0 Polgar,J-Ivanchuk,V/Moscow PCA-GP 1996/EXP 52 (43)})) 11... h6
12. Bd2 (12. Bh4 Nd4 (12... Ne5 13. f4 Ng6) (12... g5 13. Bg3 h5) 13. Nxd4 Bxd4
14. Rad1 Qb6) 12... Bb7 13. f4 h5 $13 {Schwarz will nicht rochieren,er bleibt
in der Mitte mit dem Koenig,und strebt nach sofortigen taktischen Gegenchancen.
Ribli.} 14. Be3 (14. e5 dxe5 15. fxe5 Ng4 16. Bf4 $13) 14... b4 15. Nd1 (15.
Na4 e5 (15... Bxe3 16. Qxe3 Ng4)) 15... h4 {[%cal Gh8h1,Gb7h1] Dieser Bauer
ist gefaehrlich fuer Weiss.In einigen Varianten kommt h4-h3.Ribli.} 16. Nf2 (
16. h3 $2 {Meulders} Nh5 $19) 16... Bxe3 17. Qxe3 Qc7 18. Rac1 e5 {Nach diesem
Zug der d3 Laeufer ist beschraenkt,und der Springer auch auf b3.Ribli.} (18...
O-O-O $2 {Das waere kaum logisch,besonders nach 18.Rac1.Ribli.} 19. c3 $40) 19.
c3 exf4 20. Qxf4 Ne5 {[%csl Ge5] Der schwarze Koenig kann in der Mitte bleiben,
als im Zentrum Schwarz hat eine feste Stellung.Ribli.} 21. Bb1 (21. cxb4 Qb6
22. a3 h3 $132 (22... Nxd3 23. Nxd3 Bxe4 24. Rce1 d5 25. Nbc5)) 21... bxc3 22.
Nd4 $5 {Ein interessanter Zwischenzug.Weiss spielt fuer Angriff,und der Bauer
auf c3 kann spaeter zurueckschlagen.Ribli.} (22. Rxc3 Qb6) 22... Qd8 (22... Qb6
23. Nf5 {[%csl Re8,Gf5][%cal Rf5g7]}) 23. Rxc3 g6 24. Bc2 $6 {[%cal Gc2a4,
Ga4e8] Es ist wahr,das der Laeufer war nicht stark auf b1,aber die Drohung -
25.Ba4 - ist nicht gefaehrlich fuer Schwarz.Ribli. Meulders: Dies mutet zu
langsam an.} (24. Kg1) (24. Rfc1) (24. Nh3 $5 {Meulders} Nh5 $1 (24... Nfg4 25.
Ng5 Qe7 26. h3 $16) 25. Qf2 (25. Qg5 Qxg5 26. Nxg5 Rc8 27. Rxc8+ Bxc8 28. a3
Ke7 29. Ba2 f6 30. Nge6 Bb7 31. Bd5 Rb8 32. b3 $11) 25... O-O 26. Rfc1 Rc8 27.
Rxc8 Bxc8 28. Nf4 Nxf4 29. Qxf4 Re8 30. Nc6 Nxc6 31. Rxc6 Qa5 32. Rc1 $11)
24... Rc8 {Die letzte schwarze Figur kommt ins Spiel.Ribli.} 25. Nh3 Rxc3 26.
bxc3 Nfd7 {[%csl Gd7,Ge5] Die zwei Springer halten die ganze schwarze Stellung.
Ribli.} 27. Ng5 Qe7 28. Bb3 $6 (28. Kg1 {Der weisse Koenig steht nicht
gluecklig auf h1.Ribli.}) 28... h3 $132 {Schwarz muss der h-Bauer abgeben,aber
nach 28...Rf8 29.Qxh4 Weiss hat eine gesunde Bauernplus,weil hier Schwarz hat
Gegenspiel.Ribli.} 29. Nxh3 (29. gxh3 Rf8 {[%csl Rh1,Rh3]}) (29. gxh3 O-O 30.
Qh4 {[%cal Rh4h7]} Bxe4+ 31. Kg1 $18) (29. Nxf7 hxg2+ 30. Kxg2 Rf8 {[%cal
Rf8f2]}) (29. Bxf7+ Nxf7 30. Qxf7+ Qxf7 31. Nxf7 hxg2+ 32. Kxg2 Bxe4+ 33. Kg3
O-O 34. Nh6+ Kh7 $11 (34... Kg7 35. Ne6+ $18)) (29. g3 {Meulders /\...f5 30.
Bd5+=}) 29... Rh4 $15 (29... f5 $2 30. Bd5 $16) 30. Qd2 Rxe4 {Das war ein
erfolgreicher Tausch für Schwarz - er hat den schwachen h-Bauern für den
wichtigen Zentrumsbauern getauscht.} 31. Ng5 (31. Nf2 Rh4) 31... Rg4 32. Ngf3
Nc5 33. Nxe5 $4 $138 {Ein grosser Fehler, der vermutlich in Zeitnot geschah.} (
33. Re1 Kf8 $13) (33. Bc2 $11 {Meulders}) 33... Nxb3 $19 34. axb3 Rxg2 {
Und Weiss gab auf, weil er die Dame verliert.} 0-1